Sistemas de Conservación-Producción Sostenibles (Registro nro. 8782)

Detalles MARC
000 -CABECERA
Campo de control 00925nam a22002057a 4500
005 - FECHA Y HORA DE LA ULTIMA TRANSACCION
Campo de control 20141111151934.0
008 - ELEMENTOS DE LONGITUD FIJA—INFORMACION GENERAL
Campo de control 141111b ck ||||| 2003 00| 0 spa d
041 ## - IDIOMA
Código de idioma para texto/pista de sonido o título separado Español
044 ## - PAÍS DE PUBLICACIÓN
País de publicación Colombia
090 ## - CLASIFICACIÓN LOCAL
Colección EA
Consecutivo 00145
110 1# - ASIENTO PRINCIPAL--NOMBRE CORPORATIVO
Nombre corporativo o de jurisdicción como elemento de entrada Colombia
Unidad subordinad Asociación Red Colombiana de Reservas Naturales de la Sociedad Civil
245 10 - MENCION DE TITULO
Título Sistemas de Conservación-Producción Sostenibles
260 ## - PUBLICACION, DISTRIBUCION, ETC. (PIE DE IMPRENTA)
Lugar de publicación, distribución, etc. Santiago de Cali :
Nombre del editor, distribuidor, etc. Corporación Semillas de Agua,
-- WWF Colombia,
Fecha de publicación, distribución, etc. 2003.
300 ## - DESCRIPCION FISICA
Extensión 14 pag.
Otros detalles físicos Fot., tab, il.
Dimensiones 28 cm.
650 #4 - ASIENTO SECUNDARIO DE MATERIA - TERMINO TEMATICO
Término temático o nombre geográfico como elemento de entrada Agricultura Sostenible
Subdivisión general Conservación de los recursos agrícolas
Subdivisión geográfica Santiago de Cali (Dpt. Colombia)
650 #6 - ASIENTO SECUNDARIO DE MATERIA - TERMINO TEMATICO
Término temático o nombre geográfico como elemento de entrada Agricultura Sostenible
Subdivisión general Ecología agrícola
Subdivisión geográfica Santiago de Cali (Dpt. Colombia)
650 #6 - ASIENTO SECUNDARIO DE MATERIA - TERMINO TEMATICO
Término temático o nombre geográfico como elemento de entrada Agricultura Sostenible
Subdivisión general Agricultura alternativa
Subdivisión geográfica Santiago de Cali (Dpt. Colombia)
710 ## - ASIENTO SECUNDARIO - NOMBRE CORPORATIVO
Nombre corporativo o de jurisdicción como elemento de entrada Colombia
Unidad subordinada Corporación Semillas de Agua
942 ## - ELEMENTOS ADICIONALES (KOHA)
Sistema de clasificación Local
Tipo de ítem Libro

No hay ítems disponibles.